|
|
|
|
| LEADER |
00000cam a2200000 7i4500 |
| 001 |
0000003316 |
| 005 |
20240926.0 |
| 008 |
991203 my a may |
| 020 |
|
|
|a 9676103551
|
| 040 |
|
|
|a INS
|b eng
|e rda
|
| 090 |
0 |
0 |
|a HD37.M3
|b .S22 1993
|
| 100 |
0 |
|
|a Sabitha Marican ,
|e author
|
| 245 |
1 |
0 |
|a Pengurusan :
|b masalah dan penyelesaian
|c Sabitha Marican
|
| 264 |
|
1 |
|a Kuala Lumpur :
|b Utusan Publ. & Distributors Sdn. Bhd.
|c 1993
|
| 300 |
|
|
|a 195 pages :
|b illustrations ;
|c 22 cm.
|
| 336 |
|
|
|a text
|2 rdacontent
|
| 337 |
|
|
|a unmediated
|2 rdamedia
|
| 338 |
|
|
|a volume
|2 rdacarrier
|
| 504 |
|
|
|a Includes bibliographical references
|
| 650 |
|
0 |
|a Industrial relations
|
| 650 |
|
0 |
|a Management
|
| 999 |
|
|
|a 0000005456
|b BOOK
|c Open Shelf
|e Default branch
|